00411nam a2200157Ia 4500003000400000008004100004040001600045082001500061100001800076245005700094260004400151300001000195650001400205650001400219650002000233GCL140319s9999 xx 000 0 eng d aGCL / cGCL04a304.2bL A1 aLEBON, J.H.G.10aAN INTRODUCTION TO HUMAN GEOGRAPHY / cLEBON, J.H.G. a[S.N] : bHUTCHINSON & CO LTD ، c1968 a183 P04aSOCIOLOGY04aGEOGRAPHY04aHUMAN GEOGRAPHY